[Event "Bad Homburg"]
[Site "Bad Homburg"]
[Date "1997.08.03"]
[Round "9"]
[White "Xu, Jun"]
[Black "Hickl, Joerg"]
[Result "1-0"]
[WhiteElo "2505"]
[BlackElo "2565"]
[Annotator "Petursson,M"]
[PlyCount "91"]
[EventDate "1997.07.26"]
[EventType "tourn"]
[EventRounds "9"]
[EventCountry "GER"]
[EventCategory "14"]
[SourceTitle "CBM 060"]
[Source "ChessBase"]
[SourceDate "1997.09.29"]
[SourceVersion "1"]
[SourceVersionDate "1997.09.29"]
[SourceQuality "1"]

1. c4 d6 2. Nc3 e5 3. g3 Nf6 4. Bg2 Be7 5. Nf3 c6 6. O-O O-O 7. d3 Re8 8. Rb1
a5 (8... a6 {Fritz 5.00 (100s)} 9. b4 b5 10. a4 bxc4 11. dxc4 Bf5 12. Rb2 Ra7
13. Be3 Rd7 14. b5 cxb5 15. axb5 Qc8 16. Na4 Bd8 17. Bg5 d5 18. c5 axb5 19.
Bxf6 Bxf6 20. Nb6 Qxc5 21. Nxd7 Nxd7 {0-1 Greenfeld,A-Hickl,J/Tel Aviv 1988/
CBM 07 (41)}) 9. a3 h6 (9... Bf8 {Fritz 5.00 (100s)} 10. b4 (10. Qc2 h6 11. b4
axb4 12. axb4 d5 13. b5 d4 14. bxc6 Nxc6 15. Nb5 Bg4 16. Bb2 Bc5 17. h3 Bh5 18.
Nh4 g5 19. Nf5 Kh7 20. e4 dxe3 21. fxe3 Nb4 22. Qb3 Qxd3 23. Qxd3 Nxd3 24. Nc7
Be2 25. Nxe8 Nxe8 26. Ba1 Ng7 27. Be4 Nxf5 28. Rxf5 Bxe3+ 29. Kg2 Kg8 30. Bd5
Bh5 31. c5 Bg6 32. Rf6 Kg7 33. Rxg6+ fxg6 34. Rxb7+ Kf8 35. c6 Rxa1 36. c7 Rc1
37. Rb8+ Kg7 38. c8=Q Rxc8 39. Rxc8 Bd4 40. Rc7+ Kf8 41. Be4 Nc5 42. Bxg6 e4
43. Bf5 Kg8 44. Rc6 e3 45. Kf3 {1-0 Urban,J-Stein,B/BL9091 1991/BL 90}) 10...
axb4 11. axb4 d5 12. cxd5 cxd5 13. Bg5 (13. d4 e4 14. Ne5 Nc6 15. Nxc6 bxc6 16.
b5 cxb5 17. Nxb5 Ba6 18. Bf4 Nh5 19. Be5 f6 20. e3 g6 21. g4 fxe5 22. gxh5 Qd7
{Becker,M-Schmidt Schaeffer,S/BL2-SW 1991/BL2/1/2-1/2 (59)}) 13... h6 14. Bxf6
gxf6 15. Nh4 Be6 16. e3 Nc6 17. b5 Ne7 18. d4 Ra3 19. Na4 Ng6 20. Nxg6 fxg6 21.
Nc5 Bf7 22. Qc1 Ra2 23. Nxb7 Qb8 24. Nc5 Rc8 25. Qc3 exd4 26. exd4 Qd6 27. b6
Rb8 28. b7 Ra7 29. Rb3 Qc7 30. Rfb1 Kg7 31. Ne6+ {1-0 Mestel,A-O'Connel,K/
Hastings op 1993/EXP 33}) 10. b4 axb4 11. axb4 Bf8 12. b5 Be6 13. Nd2 d5 14.
Bb2 Nbd7 15. Ra1 Qb6 16. Qc2 Nc5 17. Rfb1 Rxa1 18. Rxa1 Rc8 19. e3 Qd8 20. bxc6
bxc6 21. d4 exd4 22. exd4 Ncd7 23. c5 g6 24. Nf1 Bg7 25. h3 Nh7 26. Ne2 Bf5 27.
Qc1 Ng5 28. Nf4 Be4 29. Nd2 Bxg2 30. Kxg2 Rb8 31. Bc3 Qf6 32. h4 Ne4 33. Nxe4
dxe4 34. Ra3 Qf5 35. d5 Bxc3 36. Rxc3 cxd5 37. c6 Nf6 38. c7 Rc8 39. Rc6 Qe5
40. Qc5 Kg7 {[%tqu "En","Can you find the winning move for White?","How do you
continue the attack?  You want to be able to bring your queen close to his
king!","Give him a check!","f4e6","EXCELLENT!  You are just as smart as this
brilliant Chinese girl!",20]} 41. Ne6+ $3 Kg8 (41... fxe6 42. Qe7+ Kh8 43. Qd8+
Rxd8 44. cxd8=Q+ Ng8 45. Rc7 $1 e3 46. Qd7 Qxc7 47. Qxc7 $18) {[%tqu "En","Now,
how do you continue?","With your last move you freed a very important square
for your queen!","Your queen forward!","c5e7","",10]} 42. Qe7 e3 43. Qd8+ Kh7
44. Qxc8 Qe4+ (44... e2 {The best try} 45. Qf8 Qe4+ 46. f3 e1=N+ 47. Kf1 Qxf3+
48. Kxe1 Qe3+ 49. Kd1 Qd3+ 50. Kc1 Qf1+ 51. Kc2 Qe2+ 52. Kc3 Ne4+ 53. Kb4 Qb2+
54. Ka4 Qa1+ 55. Kb5 Qb2+ 56. Ka6 Qa1+ 57. Kb7 Qb1+ 58. Rb6 $18) {[%tqu "En",
"What is the right way to parry the check?","Just make sure he can't check you
again!","Defend with a pawn move!","f2f3","",10]} 45. f3 Qd3 46. Nf4 1-0

[Event "Bundesliga 0809"]
[Site "Germany"]
[Date "2009.03.29"]
[Round "15.1"]
[White "Postny, Evgeny"]
[Black "Luther, Thomas"]
[Result "1/2-1/2"]
[WhiteElo "2674"]
[BlackElo "2532"]
[Annotator "Postny,E"]
[PlyCount "92"]
[EventDate "2008.10.03"]
[EventType "team-tourn"]
[EventRounds "15"]
[EventCountry "GER"]
[SourceTitle "CBM 130"]
[Source "ChessBase"]
[SourceDate "2009.05.20"]
[SourceVersion "1"]
[SourceVersionDate "2009.05.20"]
[SourceQuality "1"]
[WhiteTeam "Katernberg"]
[BlackTeam "Kreuzberg"]
[WhiteTeamCountry "GER"]
[BlackTeamCountry "GER"]

1. c4 e5 2. g3 Nf6 3. Bg2 Bc5 4. Nc3 O-O 5. Nf3 e4 $5 {This is very tempting,
but this pawn will be lost. The standard developing moves such as 5...Nc6 or 5.
..d6 are perfectly playable.} 6. Ng5 Bxf2+ 7. Kxf2 Ng4+ 8. Kg1 Qxg5 9. Nxe4 Qg6
{So, after short tactical battle in the opening, White lhas ost his right to
castle but gained a pair of bishops. I believe that White's chances are
preferable. Black does not have enough resources to harass the temporarily
unsafe white monarch. Meanwhile, White's pair of bishops and central pawns
have good potential.} (9... Qe7 10. b3 Nc6 11. Bb2 d6 12. h3 Nh6 13. e3 f5 14.
Nc3 Qg5 15. Kh2 $14 {0-1 Bricard,E (2445)-Vajda,A (2405)/St Affrique 2001/EXT
2003 (38)}) 10. d3 $1 {This is the best way to complete the development. I
considered 10.d4 for some time, but it would have been too optimistic.} (10. d4
d6 (10... Nc6 11. Nc3 Nf6 (11... d6 $1) 12. e4 d6 13. Nd5 Nxd5 14. cxd5 Ne7 15.
Bf4 c6 16. dxc6 Nxc6 17. h3 $14 {[%cal Gg1h2]}) 11. h3 (11. Nc3 Nf6 12. e4 c5
13. dxc5 dxc5 14. Bf4 Nc6 15. Qd6 Be6 16. Qxc5 Rad8 $44) 11... Nf6 12. Nxf6+
Qxf6 13. e4 c5 $132) 10... Nc6 11. h3 Nge5 12. Kh2 d6 (12... Qh5 13. Rf1 d5 $2
{This idea does not work in view of} 14. cxd5 Nd4 15. Bf4 $1 $16) 13. Rf1 {
The artificial castling is completed. White is, at least, slightly better.} Qh5
14. Nc3 {Protecting the Pe2.} Nd4 (14... Ng4+ $6 15. Kg1 Qc5+ $2 16. d4 $1 Nxd4
17. e3 {and White wins a piece.}) (14... Bg4 $6 {is a htting at thin air.} 15.
Rf4 $14) 15. Rf4 $1 c5 16. Rh4 {A somewhat strange rook manoeuvre, but it is
important to drive away Black's queen from its active location.} Qf5 17. Nd5 (
17. Be3 Ng6 18. Rxd4 $5 cxd4 19. Bxd4 {This exchange sacrifice was possible.
White has great compensation, but I doubt if much more than that.}) 17... Qd7 (
17... Qf2 $2 18. Be3 $1 Qxe2 19. Qxe2 Nxe2 20. Re1 Nd4 21. Bxd4 cxd4 22. Ne7+
Kh8 23. Rxd4 $18 {[%csl Rd6]}) 18. e3 $6 {Kicking away the knight, but this
wasn't really to the point.} (18. b4 $1 Re8 19. Bb2 {bringing the bishop to
the long diagonal could yield me a serious initiative.}) 18... Nf5 19. Rf4 Ne7
{Now I have to retreat with my knight as the exchange is unfavourable for
White.} 20. Nc3 Rb8 $1 {Preparing the fianchetto of the bishop.} 21. b3 (21. d4
$6 {is not dangerous for Black in view of} cxd4 22. Rxd4 Nf5) 21... b6 22. Bb2
Bb7 23. e4 $5 {I decided to refrain from the exchange of bishops and keep on
the board as many pieces as possible.} f5 $5 {During the game I was pleased to
see this move. I thought that opening up the position plays into the handss of
White who has a pair of bishops. In practice, however, I didn't manage to
prove it.} 24. Qd2 Rf6 25. Nd5 {Sooner or later I have to play this move.} ({
In the event of} 25. Raf1 Rbf8 {again, I don't see a better move than Nc3-d5.})
25... Bxd5 $1 {Black should get rid of the bishop. His knights are potentially
more mobile.} 26. exd5 g5 27. Rf2 h6 28. Raf1 Rbf8 29. d4 cxd4 30. Bxd4 N7g6 {
White's bishops are very good, but the opponent's knights are not bad either.}
31. Be4 Kg7 32. Bc2 (32. Bb1 f4 33. Qc2 {threatening to take on f4 twice, but
Black has several ways to parry this.} Kg8 ({or} 33... R8f7)) 32... f4 33. Bxg6
{Now massive exchanges follow. In the end I hoped to come out with some sort
of favourable queen ending.} fxg3+ 34. Kxg3 Kxg6 35. Bxe5 Rxf2 36. Rxf2 Rxf2
37. Qxf2 dxe5 38. b4 (38. Qf8 e4 {is harmless for Black.}) ({The curious thing
was about the pawn ending, which appears to be drawn:} 38. Qc2+ Qf5 39. Qxf5+
Kxf5 40. b4 h5 41. c5 bxc5 42. bxc5 h4+ (42... Kf6 43. Kf3 Ke7 44. Ke4 g4 45.
hxg4 hxg4 $11) 43. Kf3 Kf6 44. c6 Ke7 45. c7 Kd7 46. d6 Kc8 47. a3 (47. Ke4 g4
48. Kxe5 gxh3 49. Ke6 h2 50. d7+ Kxc7 51. Ke7 h1=Q 52. d8=Q+ Kb7 $11) 47... Kd7
48. Kf2 Kc8 49. a4 Kd7 50. Kf3 Kc8 51. a5 Kd7 52. a6 Kc8 53. Ke4 g4 54. Kxe5 g3
(54... gxh3 $4 55. Ke6 h2 56. d7+ Kxc7 57. Ke7 h1=Q 58. d8=Q+ Kc6 59. Qa8+ $18
{[%csl Rh1][%cal Ga8h1] This is the only trap that Black should be careful of.}
) 55. Ke6 g2 56. d7+ Kxc7 57. Ke7 g1=Q 58. d8=Q+ Kc6 $11) 38... Qd6 39. Qc2+
e4+ 40. Kg2 Qf4 {Now the black queen is active, so the perpetual check is
inevitable.} 41. c5 bxc5 42. bxc5 Qf3+ 43. Kg1 Qe3+ 44. Kg2 Qf3+ 45. Kg1 Qe3+
46. Kg2 Qf3+ 1/2-1/2

[Event "Tashkent FIDE GP"]
[Site "Tashkent"]
[Date "2014.11.02"]
[Round "11"]
[White "Karjakin, Sergey"]
[Black "Kasimdzhanov, Rustam"]
[Result "1-0"]
[WhiteElo "2767"]
[BlackElo "2706"]
[Annotator "Postny,E"]
[PlyCount "81"]
[EventDate "2014.10.21"]
[EventType "tourn"]
[EventRounds "11"]
[EventCountry "UZB"]
[EventCategory "21"]
[SourceTitle "CBM 163"]
[Source "ChessBase"]
[SourceDate "2014.11.11"]
[SourceVersion "1"]
[SourceVersionDate "2014.11.11"]
[SourceQuality "1"]

1. c4 Nf6 2. Nc3 e5 3. g3 d5 4. cxd5 Nxd5 5. Bg2 Nb6 6. d3 {We now have the
Sicilian Dragon with colours reversed, so White has an extra tempo.} Be7 7. Be3
O-O 8. Rc1 Re8 {Black waits for his opponent to develop his knight to f3
before developing his own knight to c6.} (8... Nc6 9. Bxc6 bxc6 {is pretty
double-edged, but not everyone likes to ruin his structure.} 10. Nf3 f6 11. Ne4
Be6 12. b3 Bd5 13. O-O a5 14. Bc5 a4 15. Nfd2 axb3 16. axb3 Nd7 17. Bxe7 Qxe7
$13 {0-1 (26) Svidler,P (2753)-Safarli,E (2649) Dubai 2014}) 9. a3 Bf8 10. Nf3
N8d7 $5 $146 {Kasimdzhanov chooses his own way. It's more natural, though, to
develop the knight to c6, which was played, among others, by Karjakin.} (10...
Nc6 11. O-O (11. Ne4 Bg4 (11... Nd4 $5) 12. Bc5 Bd6 13. b4 h6 14. O-O Qd7 15.
b5 Ne7 16. a4 $14 {0-1 (32) Ivanchuk,V (2731)-Ponomariov,R (2731) Beijing 2013}
) 11... Nd4 (11... Bg4 12. Ne4 Nd4 13. Bxd4 exd4 14. Qd2 c6 15. b4 Nd5 16. Nxd4
Nxb4 17. Qb2 Na6 18. e3 Rb8 19. Qb3 Qa5 $13 {0-1 (49) Nepomniachtchi,I (2721)
-Karjakin,S (2756) Beijing 2013}) 12. a4 c6 (12... a5 13. Bxd4 exd4 14. Nb5 c5
$11) 13. a5 Nxf3+ 14. Bxf3 Nd5 15. Nxd5 cxd5 16. Qa4 Bd7 17. Qb3 e4 18. Bg2
Qxa5 19. dxe4 dxe4 20. Qxb7 $14 {1-0 (60) Andreikin,D (2625)-Nepomniachtchi,I 
(2624) Dagomys 2009}) 11. O-O c6 {Creating a barrier against the fianchettoed
bishop.} 12. Qb3 $5 {Good provocation.} (12. b4 Nf6 13. Qb3 Be6 14. Qc2 {
It's easier to handle this position as White.}) 12... Nc5 $6 {It's tempting to
attack the queen, but this route is wrong for the knight.} (12... Nf6 13. Ng5 (
13. d4 Be6 14. Qc2 Ng4 $1 15. Nxe5 Nxe3 16. fxe3 g6 $44 {[%cal Gf8h6]}) 13...
Nbd5 14. Nxd5 Nxd5 15. Bd2 h6 16. e4 hxg5 17. exd5 c5 {This position with
unusual pawn formations is balanced.}) 13. Qc2 Bg4 14. b4 Ncd7 {The knight
can't go to e6 as the Pe5 will be captured. The alternative was to exchange on
f3 and then put the knight on e6. However, giving up the light-squared bishop
is also a concession.} (14... Bxf3 15. Bxf3 Ne6 16. Qa2 Nd4 17. Bg2 $14) 15. h3
Bf5 16. Nd2 ({An engine likes a slight expansion on the kingside, but I don't
find it necessary:} 16. g4 $5 Bg6 (16... Be6 17. Ng5 $14) 17. Qb3 $14) 16... h6
{This move is not necessary.} (16... a5 17. Rb1 axb4 18. axb4 Qc7 {White's
position is preferable, but the open a-file is useful for Black.}) 17. Rb1 Rc8
18. Rfc1 Nf6 19. Bc5 Nfd7 $6 {Black's pieces are going back and forth without
a concrete plan. It's easier to criticise, though, rather than to offer
something constructive.} (19... Qd7 20. Kh2 h5 $5 {could be an improvement.
Black needs to find some active play, some targets.} 21. Nce4 Nxe4 22. Nxe4 h4
23. g4 Bg6 $14 {[%cal Gb6d5,Gd5f4]}) 20. Nce4 Qc7 21. a4 {The attack on the
queenside is coming. Black's position is extremely unpleasant as he can't
simplify.} a6 22. Bxf8 Rxf8 23. Nc5 Nf6 (23... Nxc5 24. bxc5 Nd7 25. Nc4 Be6 (
25... Nxc5 $2 26. Ne3 {[%csl Rc5,Rf5] wins a piece.}) 26. Nd6 Rb8 {is also
unattractive for Black, but perhaps a lesser evil. The c-file is blocked and
the Pb7 can be defended.}) 24. Qb2 Qe7 (24... Nbd7 25. b5 $16) 25. a5 Na8 {
When such moves are made, it's a clear indication that something has gone
wrong.} 26. e4 $6 {This move closes the long diagonal which could be used for
a small combination.} (26. Nc4 Rfe8 27. g4 Bg6 28. Nxb7 $1 Qxb7 29. Nd6 Qe7 30.
Nxc8 Rxc8 31. Rxc6 $18) 26... Bh7 27. Nc4 Rfe8 28. f4 exf4 29. gxf4 Rb8 30. Qe5
Qf8 $6 {Not the best square for the queen.} (30... Qd8 {would have been far
more resistant.} 31. Qd6 Nc7 32. f5 Nb5 {Here Black's knight is coming out
quicker than in the game.}) 31. Qd6 $1 Re7 32. f5 {[%csl Yh7]} Nc7 33. Qf4 Nfe8
$6 (33... Qd8 34. Kh1 $1 (34. Kh2 $6 Nb5 35. Bf3 Qc7 {is Black's hope. After
the exchange of queens, at least, he won't get mated.})) (33... Nd7 34. Nd6 {
with huge advantage in both cases.} (34. Qxc7 $6 Nxc5)) 34. Kh2 {Now Black's
queen is stuck on f8 and White's attack along the g-file will be as easy as it
is decisive.} (34. Nb6 {[%cal Gb6d7] was winning material on the spot.}) 34...
Kh8 35. Bf3 Bg8 {Not a brilliant career for this bishop in the current game.} (
35... Rd8 36. Nxb7 Rxd3 37. Nc5 $18) 36. Ne5 Nf6 37. Rg1 Nb5 {A blunder in a
miserable position.} 38. Ne6 $1 {Neat touch.} g5 39. Nxf8 gxf4 40. Nfg6+ fxg6
41. Nxg6+ {A good positional effort by Sergey Karjakin.} 1-0

[Event "EU-ch 2nd"]
[Site "Ohrid"]
[Date "2001.06.05"]
[Round "5.43"]
[White "Psakhis, Lev"]
[Black "Basagic, Zlatko"]
[Result "1-0"]
[WhiteElo "2575"]
[BlackElo "2345"]
[Annotator "Psakhis,L"]
[PlyCount "63"]
[EventDate "2001.06.01"]
[EventType "swiss"]
[EventRounds "13"]
[EventCountry "YUG"]
[SourceTitle "CBM 084"]
[Source "ChessBase"]
[SourceDate "2001.09.13"]
[SourceVersion "1"]
[SourceVersionDate "2001.09.13"]
[SourceQuality "1"]

1. c4 e5 2. Nc3 Nf6 3. Nf3 e4 $6 4. Ng5 b5 5. d3 bxc4 6. dxe4 Bb7 (6... h6 7.
Nxf7 $1 Kxf7 8. e5 c6 9. exf6 Qxf6 10. e4 d5 11. exd5 Bc5 12. Be3 Re8 13. Be2
Bxe3 14. fxe3 Kg8 15. Qd2 $16 {1-0 Psakhis,L-Sermek,D/Groningen op 1995 (35)})
7. e5 h6 8. Nxf7 Kxf7 9. exf6 d5 $146 (9... Qxf6 10. e4 Qe6 11. Be2 Bb4 12. O-O
Bxc3 13. bxc3 Bxe4 14. Re1 Kg8 15. Bg4 Qg6 16. Rxe4 Qxe4 17. Bf3 $18 {1-0
Hauchard,A-Kouatly,B/FRA-ch Meribel 1998/CBM 67/[Ribli] (28)}) 10. e4 $1 Bb4
11. fxg7 Re8 12. Qh5+ Kg8 13. Qxh6 $6 (13. Kd1 $142 $5 dxe4+ $140 $6 14. Kc2
$18) (13. f3 $5) 13... Rxe4+ 14. Be2 Qh4 $1 15. Qxh4 Rxh4 16. O-O (16. Bg5 $1
Re4 (16... Rh7 17. O-O-O $18) 17. Kf1 Re6 18. Rd1 c6 19. h4 $18) 16... Nd7 17.
Bg5 Rh7 18. Rad1 Rxg7 19. h4 c6 $8 20. f4 $5 Nc5 {[%cal Gb4c3,Gc5e4]} 21. Bg4 (
21. f5 Bxc3 22. bxc3 Ne4 23. f6 Rh7) 21... Bc8 22. Bf3 $1 {[%cal Rf3a8]} Rb8 (
22... Nd3 23. Nxd5 $1) (22... Ne6 23. Nxd5 $1 $18) 23. f5 (23. Rde1) 23... Nd3
(23... Bxf5 $5 24. Bxd5+ cxd5 25. Rxf5 Bxc3 26. bxc3 Ne4 27. Rfxd5 $16) 24.
Nxd5 $1 (24. f6 Rd7 {[%csl Gd5]} (24... Rh7 25. Nxd5 cxd5 26. Bxd5+)) 24...
cxd5 25. Bxd5+ Kh7 26. f6 Bc5+ 27. Kh2 Bb7 $2 (27... Bd6+ $5 28. Kh1 Rd7 (28...
Rxg5 29. hxg5 Bg4 30. Bxc4) 29. Be4+ Kg8 30. f7+ Kg7 (30... Rxf7 31. Bd5 Rbb7
32. Bxc4 Nxb2 33. Rxd6 Nxc4 34. Rd8+ Kg7 35. Rxf7+ Rxf7 36. Rxc8 $18)) 28. Bxc4
$1 $18 Nxb2 29. fxg7 Nxc4 30. Rf5 (30. Rd7 $5 {[%cal Rf1f8]} Kg8 (30... Bd6+
31. Rxd6 Nxd6 32. Rf8) 31. Be7 (31. Bh6 $5) 31... Bxe7 32. Rxe7 Bd5 33. Rf5 $18
) 30... Rc8 (30... Bd6+ 31. Rxd6 Nxd6 32. Rf8 $18) 31. Rd7 Be4 32. Rf8 1-0

[Event "Groningen op"]
[Site "Groningen"]
[Date "1995.??.??"]
[Round "?"]
[White "Psakhis, Lev"]
[Black "Sermek, Drazen"]
[Result "1-0"]
[WhiteElo "2610"]
[BlackElo "2490"]
[Annotator "Psakhis,L"]
[PlyCount "69"]
[EventDate "1995.12.??"]
[EventType "swiss"]
[EventRounds "11"]
[EventCountry "NED"]
[SourceTitle "CBM 050 Extra"]
[Source "ChessBase"]
[SourceDate "1996.03.01"]
[SourceVersion "1"]
[SourceVersionDate "1996.03.01"]
[SourceQuality "1"]

1. c4 e5 2. Nc3 Nf6 3. Nf3 e4 4. Ng5 b5 5. d3 bxc4 (5... exd3 6. cxb5 h6 7. Nf3
dxe2 8. Bxe2 Bb7 9. O-O Bc5 $13 {Plaskett,J-Hempson,A/ENG-ch/1986/}) 6. dxe4 h6
(6... Nc6 7. e3 Bb4 (7... h6 8. Nh3 (8. Nf3 Bb4 9. Bxc4 O-O 10. O-O Bxc3 11.
bxc3 Nxe4 12. Ba3 d6 13. Nd4 Bd7 14. Qc2 Nf6 15. Be2 Rb8 16. Rab1 Qe7 17. c4
Rfe8 18. Nb5 Bg4 19. Bd3 a6 {Dehen,L-Hille,R/BL/1988/0-1/54/}) 8... Bb4 9. Bd2
O-O 10. Bxc4 Bxc3 11. Bxc3 Nxe4 12. Qc2 Nxc3 13. Qxc3 a5 14. O-O Ba6 15. Bxa6
Rxa6 16. Rad1 d6 17. Nf4 Ne5 18. e4 Rc6 19. Qe3 {Melson,G-Stephan,E/corr/1987/
1-0/41/}) 8. Bxc4 O-O 9. O-O (9. Bd2 h6 10. Nf3 Bxc3 11. Bxc3 Nxe4 12. Qd3 $5 {
Bagirov} (12. Rc1 Rb8 13. b3 Nxc3 14. Rxc3 {Bagirov,V-Nei,I/URS/1980/} Qf6 15.
Qd2 Ne5 16. Nxe5 Qxe5 17. O-O $16) 12... Nxc3 13. Qxc3 d5 $5 14. Bb3 Ne7 15.
O-O c6 16. Rac1 Ba6 $6 17. Rfe1 Qb6 $6 (17... Qd6 $5) 18. Ne5 $1 Rfc8 19. e4 $1
Bb7 (19... Qb7 $5) 20. Qf3 f6 21. Nd7 Qd8 22. Nc5 $5 Rab8 23. exd5 cxd5 24. Qe4
Rxc5 25. Rxc5 Kf8 26. Qc2 {Voth/ Voth,J-Williams,W/corr/1990/}) 9... h6 10. f4
(10. Nf3 Bxc3 11. bxc3 Nxe4 12. Ba3 Re8 13. Qc2 Ng5 14. Bd5 Bb7 15. Nxg5 Qxg5
16. c4 Rad8 17. Rad1 Ba8 18. f4 Qf6 19. Qd2 a5 20. e4 Nb4 21. Bxa8 Rxa8 {
Sher,M-Liardet,F/Genf op 1991/0,5/128/}) 10... hxg5 11. fxg5 Nh7 12. g6 Ng5 13.
gxf7+ Nxf7 14. Qh5 d5 15. Bxd5 Qe8 16. Rf4 Be7 17. Bd2 Rb8 18. Raf1 $40 {
Yusupov,A-Rastenis,G/1978/Vilnius/1978/1:0/51/}) (6... Bc5 7. e3 O-O 8. Bxc4 h6
9. Nxf7 Rxf7 10. Bxf7+ Kxf7 11. e5 Bb7 12. exf6 {Roscher,J-Flugrath,R/BL/1988/
1:0/} Nc6) 7. Nxf7 $1 (7. Nf3 Bb4 (7... Bb7 8. e5 Ne4 9. e3 Bb4 10. Qc2 Qe7 11.
Bxc4 Ng5 $1 12. Nxg5 hxg5 13. Bd2 Bxc3 14. Bxc3 Bxg2 15. Rg1 Bf3 16. Qf5 g4
$132 {Polugaevsky,L-Estevez,G/Sochi/1976/0,5/33/}) 8. Bd2 (8. e5 Ne4 9. Qd4
Nxc3 10. bxc3 Nc6 11. Qxc4 Ba6 12. Qb3 Ba5 13. Ba3 Rb8 14. Qc2 d6 15. O-O-O O-O
16. exd6 cxd6 17. Bxd6 Qf6 18. Bxf8 Kxf8 {Sorensen,T-Hutters,T/Tastrup-B/1990/
0-1/40/}) 8... Bb7 9. e5 Nh7 10. h4 Qe7 11. Rh3 Nc6 12. Nd5 Bxd2+ 13. Qxd2 Qd8
14. Rg3 g5 15. hxg5 Rg8 16. g6 fxg6 17. Qxh6 Nf8 18. Nf6+ {Voth-Schweig/corr/
1988/89}) 7... Kxf7 8. e5 c6 $5 (8... d5 9. exf6 Be6 10. e3 Nc6 11. fxg7 Bxg7
12. Bxc4 dxc4 13. Qf3+ Bf6 14. Qxc6 Qd3 15. Qxc7+ Ke8 16. Bd2 Rd8 17. O-O-O Rd7
18. Qc6 Ke7 19. Nb5 {Horvath,G-Biro,S/HUN op/1994/1:0/}) (8... Bb7 9. exf6 Qxf6
10. e4 Qe6 11. Be2 Bc5 12. O-O $16 {Cvetkovic,S-Nedeljkovic,B/YUG/1976/}) 9.
exf6 Qxf6 10. e4 d5 11. exd5 $5 {N} (11. Be3 $5 Bb4 12. Bd4 Qh4 13. Be2 $1 Rf8
(13... Re8 14. Bh5+ $5 (14. O-O Bxc3 15. Bxc3 Rxe4 16. f4 Qe7 17. Bf3 Qc5+ 18.
Kh1 Re7 19. Bh5+ Kg8 20. f5 Nd7 21. Re1 Qd6 22. Qd2 Kf8 23. Rxe7 Kxe7 24. Re1+
Kd8 25. Bxg7 {Ghicescu-Kerkhoff/Ostend op/1985/}) 14... g6 15. Qf3+ $16) 14.
O-O Bb7 15. f4 Kg8 16. Rf3 $1 Na6 17. Rg3 Rf7 18. Bh5 $1 Rd7 19. Bg4 Rad8 (
19... Re7 20. Rh3) (19... Rc7 20. Be5) 20. Be6+ {Engel,K-Eisenmann/corr/1987/})
11... Bc5 (11... Bb4 12. Bd2 Re8+ 13. Be2 Bg4 14. O-O (14. f3 $5) 14... Bxe2 (
14... Bxc3 15. Bxg4 Bxb2 16. Be6+ $18) 15. Nxe2 Qxb2 16. Bxb4 Qxe2 (16... Qxb4
17. Nf4 $18) 17. Qa4 $1 $16) 12. Be3 Re8 13. Be2 $6 (13. Qh5+ $1 Kf8 14. Bxc4
Bxe3 15. fxe3 Rxe3+ 16. Be2 Re5 17. Rf1 Qxf1+ (17... Rf5 18. Rxf5 Bxf5 19.
O-O-O $1 $18) 18. Kxf1 Rxh5 19. Bxh5 cxd5 20. Nxd5 $18) (13. Qd2 $5 Qg5 $140
14. dxc6 $1 Bxe3 15. Bxc4+ Be6 16. Bxe6+ Rxe6 17. fxe3 Rxe3+ 18. Ne2 Nxc6 19.
O-O+) 13... Bxe3 14. fxe3 Kg8 $8 (14... Rxe3 $2 15. Rf1 Bf5 16. Qd2 $18) 15.
Qd2 Nd7 $1 16. O-O-O (16. dxc6 Ne5) 16... Ne5 17. Rhf1 Qg6 18. dxc6 Bf5 (18...
Bg4 $5 19. Qd5+ Kh7 (19... Kh8 20. Bxg4 Nxg4 (20... Qxg4 21. c7 $5) 21. Qd6 Re6
22. Rf8+ Kh7 23. Qxe6 Qxe6 24. Rxa8 Qxc6 (24... Qxe3+ 25. Kb1 $18) 25. Rxa7
Nxe3 26. Rdd7 Qxg2 27. Rxg7+ $18) 20. Bxg4 Nxg4 (20... Qxg4 21. Kb1 $16) 21.
Qf7 $1 Qxc6 (21... Nxe3 22. Qxg6+ Kxg6 23. Rd6+) 22. Rd7 Qg6 23. Qxg6+ Kxg6 24.
e4) 19. Qd5+ Kh7 (19... Kh8) 20. Bxc4 (20. e4 $5 Bg4 21. Bxg4 Qxg4 22. Rd2 Rac8
23. Rf5 Nxc6 24. Qxc4 Ne5 25. Qe2 $18) 20... Rad8 21. Qc5 Bd3 $1 (21... Nxc4
22. Rxd8 Rxd8 23. Qxf5) 22. Bxd3 $1 (22. c7 Qxg2 $1 23. Bb3 Rc8) 22... Nxd3+
23. Rxd3 Rxd3 (23... Qxd3 24. Rd1 Qa6 25. Rxd8 Rxd8 26. Qf5+ Kh8 27. Qb5 $18)
24. c7 Qe6 $8 (24... Rc8 25. Rf8 $18) 25. Qf5+ $1 Qxf5 26. Rxf5 Rdxe3 27. Ra5
$1 $18 (27. Rc5 Rc8 28. Nb5 Re7) 27... Re1+ 28. Kc2 Rg1 29. b4 $1 Rxg2+ 30. Kb3
Rxh2 31. Rxa7 Rg2 (31... h5 32. b5 h4 33. b6 h3 34. b7) 32. b5 Rg6 33. Rb7 Rc8
34. Nd5 Rg5 35. Kc4 1-0